| 000 | 00448nam a22001697a 4500 | ||
|---|---|---|---|
| 999 |
_c1800 _d1800 |
||
| 008 | 200204b ||||| |||| 00| 0 eng d | ||
| 020 | _a8187105224 | ||
| 041 | 0 | _aeng | |
| 082 | 0 | 0 |
_a005.4469 _bN882 |
| 100 |
_91414 _aNorton, Peter |
||
| 245 | 1 | 0 |
_aComplete guide to DOS 6.22 / _cby Peter Norton |
| 250 | _a1st ed. | ||
| 260 |
_aNew Delhi : _bTechmedia, _c1994. |
||
| 300 | _axlvi, 1150 p. | ||
| 650 | 0 | _aOperating Systems (Computers) | |
| 942 | _cBK | ||